00642nam a2200217 a 450000500170000000800410001701000140005802000260007202000230009803500130012103700150013404000180014908200130016710000200018024500570020026000510025727000450030830000280035350000200038165000230040120090525111525.0070816s2008 nyua b 001 0 eng  aENG-93705 a9780070656963c375.00 a0070656967c375.00 aEN-77238 bDBAD / PUB adplbEnglish  a620.1126 aPrashant Kumar  aElements of fracture mechanics /cby Prashant Kumar  aNew Delhi bTata McGraw-Hill Publishing c2009 a7 West Patel Nagar, bNew Delhi e110008 axvi, 273p. c25cm(pbk)  aIncludes index. aFracture mechanics